Organized labor in Japan / (Record no. 106921)

MARC details
000 -LEADER
fixed length control field 01109nam a2200313 a 4500
001 - CONTROL NUMBER
control field vtls000102385
003 - CONTROL NUMBER IDENTIFIER
control field NLI
005 - DATE AND TIME OF LATEST TRANSACTION
control field 20210601201852.0
008 - FIXED-LENGTH DATA ELEMENTS--GENERAL INFORMATION
fixed length control field 101125s1962 ja 000 0 eng
020 ## - INTERNATIONAL STANDARD BOOK NUMBER
Terms of availability USD 13.50
039 #9 - LEVEL OF BIBLIOGRAPHIC CONTROL AND CODING DETAIL [OBSOLETE]
-- 201011251139
-- VLOAD
040 ## - CATALOGING SOURCE
Original cataloging agency NLI
Language of cataloging eng
Transcribing agency DataSoft
Description conventions AACR2
041 0# - LANGUAGE CODE
Language code of text/sound track or separate title eng
044 ## - COUNTRY OF PUBLISHING/PRODUCING ENTITY CODE
MARC country code ja
082 04 - DEWEY DECIMAL CLASSIFICATION NUMBER
Classification number 331.880952
100 1# - MAIN ENTRY--PERSONAL NAME
Personal name Ayusawa, Iwao F.
Fuller form of name (Iwao Frederick),
Dates associated with a name 1894-
9 (RLIN) 215867
245 10 - TITLE STATEMENT
Title Organized labor in Japan /
Statement of responsibility, etc. Iwao F. Ayusawa
260 ## - PUBLICATION, DISTRIBUTION, ETC.
Place of publication, distribution, etc. Tokyo :
Name of publisher, distributor, etc. Foreign Affairs Association of Japan,
Date of publication, distribution, etc. 1962
300 ## - PHYSICAL DESCRIPTION
Extent 340 p. ;
Dimensions 23 cm.
505 0# - FORMATTED CONTENTS NOTE
Formatted contents note part 1. postwar development in organized labor 1945-1952 - pt. 2. organized labor in present day Japan 1953-1961
650 #0 - SUBJECT ADDED ENTRY--TOPICAL TERM
Topical term or geographic name entry element Labor unions
General subdivision Law and legislation
Geographic subdivision Japan
Chronological subdivision 1945-1961
9 (RLIN) 215868
650 #0 - SUBJECT ADDED ENTRY--TOPICAL TERM
Topical term or geographic name entry element Working class
General subdivision Labor unions
-- Organizing
Geographic subdivision Japan
Chronological subdivision 1945-1961
9 (RLIN) 215869
650 #0 - SUBJECT ADDED ENTRY--TOPICAL TERM
Topical term or geographic name entry element Labor unions
Geographic subdivision Japan
General subdivision History
Chronological subdivision 1945-1961
9 (RLIN) 215870
887 ## - NON-MARC INFORMATION FIELD
Content of non-MARC field
901 ## - LOCAL DATA ELEMENT A, LDA (RLIN)
a 375613
b 06.05.1965
902 ## - LOCAL DATA ELEMENT B, LDB (RLIN)
a E331.880952 Ay96
949 ## - LOCAL PROCESSING INFORMATION (OCLC)
-- VIRTUAITEM
-- 10000
-- 100
6 PUR000375613ENG
942 ## - ADDED ENTRY ELEMENTS (KOHA)
Source of classification or shelving scheme Dewey Decimal Classification
Koha item type Books
Holdings
Withdrawn status Lost status Damaged status Not for loan Collection code Home library Current library Shelving location Date acquired Total Checkouts Full call number Barcode Date last seen Price effective from Koha item type
        New English National Library of India National Library of India New English - Main Stack Division     E331.880952 Ay96 PUR000375613ENG 01/06/2021 01/06/2021 Books
                                                                           
web counter

Copyright ©2020 The National Library of India, Govt. of India ↔ Hosted by NVLI, MOC ↔ Technology and Design by National Library of India, Ministry of Culture, Govt. of India